000 00396nam a22001697a 4500
005 20180328123359.0
008 160618b xxu||||| |||| 00| 0 eng d
020 _a81-7866-657-X
041 _aeng
082 _b8163
_a338.7
100 _aK. Aswathapa
_94241
245 _aEssentials of Business Environment
260 _bHPH
_c2002
300 _a602
650 _aManagement
_9241
942 _cBK
999 _c3117
_d3116